Language Quiz

Random Language or Letter Quiz

Commonest Crossword Words A-Z Quiz Stats

Quiz Updated Aug 23, 2012

Challenge
Share
Tweet
Embed
Score 0/104 Timer 10:00
1 Play Today
Word length Word % Correct
3-letter wordsCAR
93.4%
3-letter wordsATE
91.8%
3-letter wordsERA
87.4%
3-letter wordsFAR
84.8%
3-letter wordsBRA
80.2%
4-letter wordsQUIT
77.1%
3-letter wordsPER
76.1%
3-letter wordsHER
75.4%
3-letter wordsVIA
75.2%
6-letter wordsBANANA
74.8%
6-letter wordsCAMERA
74.3%
5-letter wordsALONE
74.3%
3-letter wordsTAR
73.4%
4-letter wordsAREA
71.9%
3-letter wordsWEE
71.7%
6-letter wordsKANSAS
71.3%
5-letter wordsERASE
69.8%
3-letter wordsYES
69.3%
5-letter wordsREESE
68%
3-letter wordsLEE
67.9%
3-letter wordsMAE
67.2%
5-letter wordsJAPAN
66.9%
4-letter wordsIDEA
65.9%
3-letter wordsUSE
65.7%
3-letter wordsNEE
65.6%
6-letter wordsGARAGE
65.4%
6-letter wordsREESES
65.3%
6-letter wordsDELETE
65.2%
5-letter wordsUNITE
64.3%
4-letter wordsOREO
63.7%
3-letter wordsIRE
62.3%
3-letter wordsXES
60.8%
4-letter wordsFREE
60.5%
6-letter wordsNEEDLE
60.3%
5-letter wordsGENRE
58.9%
Word length Word % Correct
3-letter wordsDEN
58.8%
5-letter wordsXENON
58.1%
5-letter wordsIRATE
55.7%
5-letter wordsQATAR
55.5%
3-letter wordsSPA
55%
6-letter wordsESTATE
53.2%
5-letter wordsKOREA
52.6%
4-letter wordsGENE
52.4%
4-letter wordsKNEE
51.8%
3-letter wordsZEN
51.7%
5-letter wordsZAIRE
50.1%
3-letter wordsONE
49.7%
6-letter wordsMESSES
49.4%
4-letter wordsERIE
48.3%
6-letter wordsUTOPIA
48.1%
5-letter wordsMELEE
47.8%
3-letter wordsKEN
47%
6-letter wordsIBERIA
46.6%
3-letter wordsJAR
45.3%
4-letter wordsNERO
45.1%
4-letter wordsTSAR
45%
4-letter wordsZERO
44.9%
6-letter wordsFLEECE
44.4%
4-letter wordsMENU
44.2%
4-letter wordsSTAR
44%
6-letter wordsHONEST
43.9%
5-letter wordsBALSA
43.5%
6-letter wordsLEANTO
43.3%
4-letter wordsPSST
43.2%
5-letter wordsNESTS
41.7%
5-letter wordsORATE
39.2%
6-letter wordsQANTAS
39.1%
6-letter wordsXERXES
38.5%
4-letter wordsRARE
38.3%
3-letter wordsRES
37.9%
Word length Word % Correct
6-letter wordsATEASE
37.8%
6-letter wordsZEALOT
37.3%
6-letter wordsTSETSE
36.9%
5-letter wordsLILAC
36.1%
4-letter wordsXENA
35.5%
5-letter wordsYEAST
35.4%
5-letter wordsCANOE
34.5%
4-letter wordsLEER
34%
6-letter wordsPRESTO
31.5%
6-letter wordsVENEER
31.2%
5-letter wordsPIANO
31%
6-letter wordsYESMAN
30.4%
4-letter wordsJAVA
30.2%
5-letter wordsWALDO
30%
5-letter wordsVALET
29.6%
3-letter wordsQED
29.3%
5-letter wordsFALSE
28.6%
5-letter wordsHANOI
28.2%
6-letter wordsWALESA
26.4%
4-letter wordsUTAH
25.8%
6-letter wordsSTEREO
25.7%
5-letter wordsTERSE
24.8%
4-letter wordsBALI
24.8%
5-letter wordsDEERE
24.7%
5-letter wordsSNEER
22.9%
6-letter wordsODESSA
22.2%
4-letter wordsCASH
19.3%
4-letter wordsWREN
18.2%
6-letter wordsJETSET
17.3%
4-letter wordsDELI
13%
4-letter wordsHALO
11.1%
4-letter wordsVANE
10.8%
4-letter wordsYSER
9.4%
3-letter wordsGAS
8.4%

You're not logged in!

Compare scores with friends on all Sporcle quizzes.
Sign Up with Email
OR
Log In

You Might Also Like...

Show Comments

Extras

Top Quizzes Today


Score Distribution

Your Account Isn't Verified!

In order to create a playlist on Sporcle, you need to verify the email address you used during registration. Go to your Sporcle Settings to finish the process.